000 00636nam a2200229Ia 4500
003 OSt
005 20220926001057.0
006 a|||||r|||| 00| 0
007 ta
008 220923b |||||||| |||| 00| 0 eng d
037 _cGeneral Book
040 _aRTL
_cRTL
_beng
041 _2eng
_aeng
082 _a2 : 84 . 2 . N77, L7 . 1
110 _aLIBRARY OF CONGRESS
245 0 _aAccessions list India .
260 _a New Delhi
_bLibrary of congess
_c1977
300 _a398p
_ccm.
700 _aLIBRARY OF CONGRESS
942 _h2 : 84 . 2 . N77, L7 . 1
_cGB
_2CC
999 _c600374
_d600374